| 000 | 00541 a2200169 4500 | ||
|---|---|---|---|
| 999 |
_c5621 _d5621 |
||
| 020 | _a924154225X : | ||
| 050 | 0 | 0 | _aRA440.5EDU1988 |
| 245 | 0 | 0 |
_aEducation for health : _ba manual on health education in primary health care. |
| 264 |
_aGeneva: _bWorld health Organisation, _c1988 |
||
| 300 |
_axiii, 261 p. : _bill. |
||
| 500 | _aincludes index | ||
| 504 | _aIncludes bibliographical references. | ||
| 650 | 0 | _aHealth education. | |
| 650 | 0 | _aPrimary health care. | |
| 710 | 2 | _aWorld Health Organization. | |
| 942 |
_2lcc _cBK _h440.5 _iEDU _kRA |
||